Correct Country Names - Sudden Death - Statistics

General Stats
  • This quiz has been taken 6,750 times
    6,721 since last reset
  • The average score is 10 of 14
Answers on the Grid
Answers color-coded by a green-red scale on the quiz's grid according to % correct below.
Azerbaijan
Burma
Catalunya
Chad
Chili
Chinese Taipei
Domineca
East Pakistan
East Timor
Great Britain
Guinea-Bissau
Holland
Irap
Jordan
Kyrgyzstan
Lithuania
Mauritius
North Sudan
Papua New Guinea
Punkistan
Republic of Northern Ireland
Saint Kitts and Ben Nevis
São Tomé and Príncipe
South Macedonia
Suriname
Tajikistan
Togo
Vanuatu
West Africa
West Korea
 
Answer Stats
Answer % Correct
Azerbaijan
88%
Chad
83%
East Timor
71%
Lithuania
68%
Jordan
67%
Mauritius
66%
Suriname
66%
Papua New Guinea
65%
Togo
65%
Kyrgyzstan
64%
Tajikistan
64%
Guinea-Bissau
63%
Vanuatu
63%
São Tomé and Príncipe
62%
No matching quizzes found
Score Distribution
Percent of People with Each Score
Percentile by Number Answered
Your Score History
You have not taken this quiz since the last reset